Electronic commerce : (Record no. 177304)
[ view plain ]
| 000 -LEADER | |
|---|---|
| fixed length control field | 00859cam a2200241 4500 |
| 001 - CONTROL NUMBER | |
| control field | vtls001594560 |
| 003 - CONTROL NUMBER IDENTIFIER | |
| control field | MY-SjTCS |
| 005 - DATE AND TIME OF LATEST TRANSACTION | |
| control field | 20200226121135.0 |
| 008 - FIXED-LENGTH DATA ELEMENTS--GENERAL INFORMATION | |
| fixed length control field | 110218s1997 mau 00 0 eng d |
| 020 ## - INTERNATIONAL STANDARD BOOK NUMBER | |
| International Standard Book Number | 1886801673 |
| 039 #9 - LEVEL OF BIBLIOGRAPHIC CONTROL AND CODING DETAIL [OBSOLETE] | |
| Level of rules in bibliographic description | 201306291553 |
| Level of effort used to assign nonsubject heading access points | shuhada |
| Level of effort used to assign subject headings | 201306291552 |
| Level of effort used to assign classification | shuhada |
| Level of effort used to assign subject headings | 201102181609 |
| Level of effort used to assign classification | VLOAD |
| -- | 200407271903 |
| -- | VLOAD |
| 082 04 - DEWEY DECIMAL CLASSIFICATION NUMBER | |
| Classification number | 658.800285 |
| Item number | LOS |
| 100 1# - MAIN ENTRY--PERSONAL NAME | |
| Personal name | Loshin, Peter. |
| 9 (RLIN) | 9300 |
| 245 10 - TITLE STATEMENT | |
| Title | Electronic commerce : |
| Remainder of title | online ordering and digital money / |
| Statement of responsibility, etc. | Pete Loshin, Paul Murphy. |
| 250 ## - EDITION STATEMENT | |
| Edition statement | 2nd ed. |
| 260 ## - PUBLICATION, DISTRIBUTION, ETC. | |
| Place of publication, distribution, etc. | Rockland, MA : |
| Name of publisher, distributor, etc. | Charles River Media, |
| Date of publication, distribution, etc. | c1997. |
| 300 ## - PHYSICAL DESCRIPTION | |
| Extent | xix, 316 p. ; |
| Dimensions | 24 cm. + |
| Accompanying material | 1 CD-ROM (4 3/4 in.) |
| 650 #0 - SUBJECT ADDED ENTRY--TOPICAL TERM | |
| Topical term or geographic name entry element | Commerce |
| General subdivision | Computer network resources. |
| 650 #0 - SUBJECT ADDED ENTRY--TOPICAL TERM | |
| Topical term or geographic name entry element | Electronic funds transfers. |
| 650 #0 - SUBJECT ADDED ENTRY--TOPICAL TERM | |
| Topical term or geographic name entry element | Internet. |
| 700 1# - ADDED ENTRY--PERSONAL NAME | |
| Personal name | Murphy, Paul. |
| 9 (RLIN) | 9301 |
| 920 ## - Programme | |
| Programme | UNISA : 54833, 54834, 54835, CD461, CD462, CD463 |
| Withdrawn status | Lost status | Source of classification or shelving scheme | Damaged status | Not for loan | Home library | Current library | Date acquired | Total Checkouts | Barcode | Date last seen | Date last checked out | Copy number | Koha item type | Public note | Serial Enumeration / chronology |
|---|---|---|---|---|---|---|---|---|---|---|---|---|---|---|---|
| Dewey Decimal Classification | Taylor's Library-TU | Taylor's Library-TU | 27/07/2004 | 4 | 1000033164 | 12/12/2019 | 17/09/2014 | 1 | Main Collection | TBSxx,34007,03,GR | |||||
| Withdrawn | Dewey Decimal Classification | Taylor's Library-TU | Taylor's Library-TU | 27/07/2004 | 1000033128 | 12/12/2019 | 01/02/2010 | 1 | Accompanying Material (Media Resource) | UNISA,19003,03,GR | |||||
| Dewey Decimal Classification | Taylor's Library-TU | Taylor's Library-TU | 27/07/2004 | 1000033084 | 12/12/2019 | 27/07/2004 | 1 | Accompanying Material (Media Resource) | SLASx,05000,03,GR | ||||||
| Withdrawn | Dewey Decimal Classification | Taylor's Library-TU | Taylor's Library-TU | 27/07/2004 | 1000033026 | 12/12/2019 | 01/02/2010 | 1 | Accompanying Material (Media Resource) | TBSxx,34003,03,GR | CLODISC | ||||
| Withdrawn | Dewey Decimal Classification | Taylor's Library-TU | Taylor's Library-TU | 27/07/2004 | 4 | 1000032986 | 12/12/2019 | 09/11/2011 | 1 | Main Collection | TBSxx,34007,03,GR | ||||
| Withdrawn | Dewey Decimal Classification | Taylor's Library-TU | Taylor's Library-TU | 27/07/2004 | 2 | 1000032982 | 12/12/2019 | 07/10/2013 | 1 | Main Collection | UNISA,34007,03,GR |